| 000 | 00801nam a2200265 i 4500 | ||
|---|---|---|---|
| 001 | bg | ||
| 245 | 0 | 0 |
_aOdpady specjalne / _c[aut. Irena Górska et al.]. |
| 260 |
_aWrocław : _bWydaw. Akademii Rolniczej, _c1997. |
||
| 300 |
_a79 s. : _brys., 2 wykr. ; _c24 cm. |
||
| 504 | _aBibliogr. przy rozdz. | ||
| 650 | 9 |
_aNafta _xprzemysł _xhigiena |
|
| 650 | 9 |
_aOdpady _xgospodarka |
|
| 650 | 9 |
_aOdpady _xhigiena |
|
| 650 | 9 |
_aPrzemysł rolno-spożywczy _xhigiena |
|
| 650 | 9 |
_aŚrodowisko człowieka _xhigiena i ochrona |
|
| 655 | _aPodręczniki akademickie | ||
| 700 | 1 |
_aGÓRSKA, Irena. _ews |
|
| 020 | _a8385582584 | ||
| 040 | _cBPK | ||
| 041 | 0 | _apl | |
| 080 | _a628.477:628.5:664+665.6/.7](075.8) | ||
| 920 | _a83-85582-58-4 | ||
| 942 | _cKS | ||
| 008 | s pl f |000 0 pol | ||
| 999 |
_c33831 _d33831 |
||
| 856 |
_uhttp://koha.tu.koszalin.pl/cgi-bin/koha/opac-detail.pl?biblionumber=33831 _yKatalog online BPK |
||